[Event "Let's Play Chess!"]
[Site "http://www.queenalice.com/game.php?id=487364"]
[Date "2008.11.3"]
[Round "-"]
[White "igorjava"]
[Black "ECC"]
[Result "1-0"]
[WhiteElo "1933"]
[BlackElo "1348"]

1. e4 e5 2. f4 Nc6 3. Nf3 Qf6 4. f5 g6 5. fxg6 hxg6 6. Bc4 a6 7. d3 b5 8. Bb3
Bb7 9. a4 bxa4 10. Bxa4 Qd6 11. Nc3 Nf6 12. Bg5 O-O-O 13. Nd5 Be7 14. Nxe7+ Qxe7
15. Qd2 Qd6 16. h3 Nd4 17. c3 Nxf3+ 18. gxf3 Rdf8 19. b4 c5 20. bxc5 Qe7 21. d4
exd4 22. cxd4 d6 23. c6 Ba8 24. Qd3 1-0

[Event "Let's Play Chess!"]
[Site "http://www.queenalice.com/game.php?id=487365"]
[Date "2008.11.3"]
[Round "-"]
[White "ECC"]
[Black "igorjava"]
[Result "0-1"]
[WhiteElo "1346"]
[BlackElo "1935"]

1. e4 c5 2. Bc4 d6 3. Nf3 Bg4 4. Nc3 Nf6 5. h3 Bh5 6. g4 Bg6 7. g5 Nxe4 8. Nxe4
Bxe4 9. d3 Bc6 10. O-O e6 11. Re1 Be7 12. d4 b5 13. Be2 c4 14. c3 O-O 15. b3 d5
16. Bb2 Nd7 17. Qc1 a5 18. Qc2 Bxg5 19. Ba3 Re8 20. Bd1 Bf4 21. Bc1 Bc7 22. b4
axb4 23. cxb4 Nf6 0-1

[Event "AUTO-OPEN-1325"]
[Site "http://www.queenalice.com/game.php?id=487826"]
[Date "2008.11.4"]
[Round "1"]
[White "ECC"]
[Black "alexcamargo"]
[Result "0-1"]
[WhiteElo "1504"]
[BlackElo "1729"]

1. e4 e5 2. Nf3 Nc6 3. Nc3 Nf6 4. Bc4 Bc5 5. Ng5 Ng4 6. Qxg4 d5 7. Qg3 dxc4 8.
Qf3 Be6 9. Nh3 Nd4 10. Qd1 Qh4 11. O-O Bxh3 12. gxh3 Qxh3 13. Kh1 Nf3 14. Qxf3
Qxf3+ 15. Kg1 O-O-O 16. Nb5 h5 0-1

[Event "AUTO-OPEN-1325"]
[Site "http://www.queenalice.com/game.php?id=487827"]
[Date "2008.11.4"]
[Round "1"]
[White "alexcamargo"]
[Black "ECC"]
[Result "1-0"]
[WhiteElo "1723"]
[BlackElo "1522"]

1. e4 e5 2. Nf3 Nc6 3. Bb5 Nf6 4. O-O Ne7 5. Nc3 a6 6. Bc4 b5 7. Bb3 b4 8. Nxe5
d5 9. exd5 Nfxd5 10. Nxd5 Nxd5 11. Qf3 Nf6 12. Qc6+ Bd7 13. Bxf7+ Ke7 14. Qc5#
1-0

[Event "AUTO-OPEN-1325"]
[Site "http://www.queenalice.com/game.php?id=487828"]
[Date "2008.11.4"]
[Round "1"]
[White "ECC"]
[Black "silverhawks"]
[Result "0-1"]
[WhiteElo "1500"]
[BlackElo "2154"]

1. e4 c5 2. Bc4 e5 3. Qf3 Nf6 4. Nc3 Be7 5. d3 O-O 6. Be3 Nc6 7. O-O-O d6 8. a3
Bg4 9. Qg3 Bxd1 10. Bh6 Ng4 11. Bd2 Bh4 12. Qh3 Nxf2 13. Qf5 Bg4 14. Bg5 Bxg5+
0-1

[Event "AUTO-OPEN-1325"]
[Site "http://www.queenalice.com/game.php?id=487829"]
[Date "2008.11.4"]
[Round "1"]
[White "silverhawks"]
[Black "ECC"]
[Result "1-0"]
[WhiteElo "2168"]
[BlackElo "1543"]

1. d4 d5 2. c4 Nf6 3. Nf3 Nc6 4. e3 Bf5 5. Bd3 g6 6. O-O e6 7. c5 b6 8. cxb6
cxb6 9. Nc3 Nb4 10. Bb5+ Nd7 11. a3 Bc2 12. Qe2 a6 13. Bxd7+ Qxd7 14. axb4 Bxb4
15. Qxc2 a5 16. Na4 Qb7 17. Ne5 O-O 18. Qc6 Qxc6 19. Nxc6 b5 20. Nb6 Ra6 21.
Nxb4 Rxb6 22. Rxa5 Rc8 23. Ra7 Kf8 24. Bd2 h5 25. g3 Rbb8 26. Rfa1 f5 27. Rh7
Kg8 28. Raa7 g5 29. Rxh5 g4 30. Rhh7 e5 31. Rag7+ Kf8 32. Nc6 Rxc6 33. Bb4+ 1-0

[Event "AUTO-OPEN-1325"]
[Site "http://www.queenalice.com/game.php?id=487830"]
[Date "2008.11.4"]
[Round "1"]
[White "ECC"]
[Black "karpovl"]
[Result "1-0"]
[WhiteElo "1489"]
[BlackElo "1590"]

1. e4 e5 2. Nf3 d6 3. d4 Bg4 4. d5 c5 5. Bb5+ Nd7 6. h3 Bxf3 7. Qxf3 Qa5+ 8. Nc3
f6 9. Bd2 Qb4 10. Rb1 a6 11. a3 Qa5 12. Qf5 axb5 13. Qe6+ Be7 14. Ne2 b4 15.
axb4 Qa2 16. Nc3 Qc4 17. b5 Nh6 18. b3 Nf8 19. bxc4 Nxe6 20. dxe6 b6 21. Ke2 f5
22. Nd5 fxe4 23. Nc7+ Kd8 24. Nxa8 Nf5 25. Nxb6 Nd4+ 26. Kd1 Nxe6 27. Ra1 Nc7
28. Ba5 Ke8 29. Nd5 Nxd5 30. b6 Bd8 31. b7 Rf8 32. b8=Q Ke7 33. Re1 Nf6 34.
Bxd8+ Rxd8 35. Ra7+ Nd7 36. Qb3 Rb8 37. Qg3 Rb1+ 38. Kd2 Kd8 39. Rxb1 1-0

[Event "AUTO-OPEN-1325"]
[Site "http://www.queenalice.com/game.php?id=487831"]
[Date "2008.11.4"]
[Round "1"]
[White "karpovl"]
[Black "ECC"]
[Result "1-0"]
[WhiteElo "1519"]
[BlackElo "1544"]

1. e4 e5 2. Bc4 Nf6 3. Nc3 Bc5 4. d3 Nc6 5. Bg5 h6 6. Bxf6 Qxf6 7. Nf3 g5 8. Nd5
Qd6 9. d4 exd4 10. b4 g4 11. e5 Nxe5 12. bxc5 Qc6 13. Qxd4 f6 14. Nxe5 Qa4 15.
Nxc7+ Kd8 16. Nxa8 b6 17. Nf7+ Ke8 18. Nxh8 b5 19. Nc7+ Kd8 20. Nxb5 a6 21.
Qxf6+ 1-0

[Event "Let's Play Chess!"]
[Site "http://www.queenalice.com/game.php?id=494164"]
[Date "2008.11.16"]
[Round "-"]
[White "ECC"]
[Black "DrIgO"]
[Result "0-1"]
[WhiteElo "1501"]
[BlackElo "1400"]

1. e4 d5 2. d3 g6 3. d4 Bg7 4. e5 e6 5. c4 Ne7 6. Nf3 O-O 7. Nc3 a5 8. a4 Nbc6
9. Bf4 Nf5 10. g3 Nce7 11. g4 Nh6 12. h3 c6 13. g5 Nhf5 14. c5 b5 15. axb5 cxb5
16. Bxb5 Ba6 17. h4 a4 18. Bxa4 Qb8 19. b3 Qb4 0-1

[Event "AUTO-INT-1106"]
[Site "http://www.queenalice.com/game.php?id=494365"]
[Date "2008.11.17"]
[Round "1"]
[White "ECC"]
[Black "Prosperidade"]
[Result "0-1"]
[WhiteElo "1477"]
[BlackElo "1582"]

1. e4 e5 2. Nf3 d6 3. d4 exd4 4. Qxd4 a6 5. e5 Nc6 6. Qd1 Bg4 7. c4 Nxe5 8. Nc3
Bxf3 9. gxf3 Nf6 10. Bf4 Be7 11. Bg2 O-O 12. b3 Ng6 13. Bg3 Re8 14. O-O h6 15.
f4 c6 16. f5 Nf8 0-1

[Event "AUTO-INT-1106"]
[Site "http://www.queenalice.com/game.php?id=494366"]
[Date "2008.11.17"]
[Round "1"]
[White "Prosperidade"]
[Black "ECC"]
[Result "1-0"]
[WhiteElo "1594"]
[BlackElo "1406"]

1. Nf3 d5 2. d4 Nc6 3. e3 Nf6 4. c4 Bf5 5. cxd5 Qxd5 6. Nc3 Qd8 7. Bb5 Qd7 8.
Ne5 Qd8 9. d5 a6 10. dxc6 b6 11. Be2 Qxd1+ 12. Bxd1 e6 13. a3 b5 14. O-O Bc5 15.
Ne2 Bd6 16. Nf3 O-O-O 17. Ng5 Bg6 18. Bd2 1-0

[Event "AUTO-OPEN-1339"]
[Site "http://www.queenalice.com/game.php?id=494520"]
[Date "2008.11.17"]
[Round "1"]
[White "Lima7"]
[Black "ECC"]
[Result "1-0"]
[WhiteElo "2019"]
[BlackElo "1396"]

1. e4 e5 2. Nf3 Nc6 3. Bb5 Qf6 4. Nc3 a6 5. Ba4 b5 6. Bb3 Bc5 7. Nd5 Qd6 8. O-O
Nf6 9. d3 Bb7 10. Be3 O-O-O 11. a4 b4 12. c3 Nxd5 13. exd5 Qe7 14. dxc6 Bxc6 15.
Re1 e4 16. Bxc5 Qxc5 17. d4 Qe7 18. Ne5 1-0

[Event "AUTO-OPEN-1339"]
[Site "http://www.queenalice.com/game.php?id=494521"]
[Date "2008.11.17"]
[Round "1"]
[White "ECC"]
[Black "Lima7"]
[Result "0-1"]
[WhiteElo "1398"]
[BlackElo "2017"]

1. e4 c5 2. Bc4 Nc6 3. Qf3 e6 4. Nc3 Nd4 5. Qd1 a6 6. a4 Ne7 7. Nf3 Nec6 8. O-O
Be7 9. d3 O-O 10. Be3 Nxf3+ 11. Qxf3 Nd4 12. Bxd4 cxd4 13. Ne2 e5 14. c3 dxc3
15. Nxc3 Bc5 16. Rad1 d6 17. Nd5 Bd7 0-1

[Event "AUTO-OPEN-1339"]
[Site "http://www.queenalice.com/game.php?id=494546"]
[Date "2008.11.17"]
[Round "1"]
[White "Blackangel"]
[Black "ECC"]
[Result "0-1"]
[WhiteElo "1687"]
[BlackElo "1298"]

1. e4 e5 2. Nf3 Nc6 3. Bc4 h6 4. O-O Nf6 5. Nc3 Bc5 6. d3 d6 7. Nd5 g5 8. c3 Bg4
9. a4 a6 10. b4 Ba7 11. h3 Be6 12. Nxf6+ Qxf6 13. Bxe6 Qxe6 14. h4 a5 15. b5 Ne7
16. hxg5 hxg5 0-1

[Event "AUTO-OPEN-1339"]
[Site "http://www.queenalice.com/game.php?id=494547"]
[Date "2008.11.17"]
[Round "1"]
[White "ECC"]
[Black "Blackangel"]
[Result "1-0"]
[WhiteElo "1328"]
[BlackElo "1657"]

1. e4 c5 2. Nf3 Nc6 3. Nc3 g6 4. b3 Bg7 5. Bc4 Nf6 6. Ng5 O-O 7. Bxf7+ Rxf7 8.
Nxf7 Kxf7 9. d3 Ng4 10. Qf3+ Nf6 11. Nd5 Nd4 12. Qd1 Nxd5 13. exd5 Nxb3 14. Qf3+
Kg8 15. Rb1 1-0

[Event "Challenge"]
[Site "http://www.queenalice.com/game.php?id=497561"]
[Date "2008.11.24"]
[Round "-"]
[White "ECC"]
[Black "ingridcardoso"]
[Result "0-1"]
[WhiteElo "1460"]
[BlackElo "1489"]

1. e4 e5 2. Nf3 Nc6 3. Nc3 Nf6 4. Bc4 Bb4 5. Nd5 Nxe4 6. c3 Nxf2 7. Kxf2 Bc5+ 8.
d4 exd4 9. cxd4 Bb6 10. Qe1+ Kf8 11. Kf1 d6 12. Bb5 Bg4 0-1

[Event "Challenge"]
[Site "http://www.queenalice.com/game.php?id=497602"]
[Date "2008.11.24"]
[Round "-"]
[White "ECC"]
[Black "BIGBEN"]
[Result "0-1"]
[WhiteElo "1463"]
[BlackElo "1780"]

1. e4 e5 2. Nf3 Nc6 3. Nc3 Bc5 4. Bc4 Nf6 5. a3 a6 6. Ng5 O-O 7. b4 Bd4 8. Bb2
d6 9. b5 Bxc3 10. Bxc3 axb5 11. Bb3 h6 0-1